Κατάλογος Βιβλιοθηκών Mediterranean College

Χρηματιστηριακή Διοίκηση - Λειτουργία (Record no. 5067)

MARC details
000 -LEADER
fixed length control field 01116cam a22001934a 4500
005 - ΗΜΕΡΟΜΗΝΙΑ ΚΑΙ ΩΡΑ ΤΕΛΕΥΤΑΙΑΣ ΕΝΗΜΕΡΩΣΗΣ
Πεδίο ελέγχου 20250605164203.0
008 - FIXED-LENGTH DATA ELEMENTS--GENERAL INFORMATION
Πεδίο ελέγχου σταθερού μήκους 250528s ||||||||||||||||||||||||d
035 ## - SYSTEM CONTROL NUMBER
System control number 19820
020 ## - ISBN
ISBN 9603901040
040 ## - ΠΗΓΗ ΚΑΤΑΛΟΓΟΓΡΑΦΗΣΗΣ
Φορέας πρωτότυπης καταλογογράφησης MC Athens Campus Library
Γλώσσα καταλογογράφησης Ελληνικά, Μοντέρνα (1453-)
Modifying agency MC Athens Campus Library
Κανόνες περιγραφικής καταλογογράφησης AACR2
245 1# - ΤΙΤΛΟΣ ΚΑΙ ΔΗΛΩΣΗ ΥΠΕΥΘΥΝΟΤΗΤΑΣ
Τίτλος Χρηματιστηριακή Διοίκηση - Λειτουργία
260 ## - PUBLICATION, DISTRIBUTION, ETC.
Name of publisher, distributor, etc. Interbooks,
Date of publication, distribution, etc. 2002
300 ## - PHYSICAL DESCRIPTION
Extent 224
520 ## - SUMMARY, ETC.
Summary, etc. Πρόλογος, Στοιχεία Οργάνωσης και Διοίκησης του ΧΑΑ, Αντικείμενο και Χαρακτηριστικά των Χρηματιστηριακών Συναλλαγών στο ΧΑΑ, Μέθοδοι Επιλογής Χρηματιστηριακών Τίτλων, Θεσμικοί Επενδυτές, Παράγωγα Προϊόντα και Χρηματιστήριο Παραγώγων Αθηνών (ΧΠΑ), Ενημέρωση και Επενδυτικές Προτάσεις, Βιβλιογραφία, Απαντήσεις Ερωτήσεων.
700 1# - ΠΡΟΣΘΕΤΗ ΑΝΑΓΡΑΦΗ--ΦΥΣΙΚΟ ΠΡΟΣΩΠΟ
Personal name Ντελμπεντέρης Νικόλαος Θ
9 (RLIN) 5996
942 ## - ADDED ENTRY ELEMENTS (KOHA)
Koha item type Books
Holdings
Τύπος τεκμηρίου Βιβλιοθήκη Τρέχουσα τοποθεσία Barcode Αριθμός εισαγωγής Ημερομηνία απόκτησης Ταξιθετικό σύμβολο Αριθμός αντιτύπου Κατάσταση απόσυρσης Κατάσταση χαμένου Κατάσταση κατεστραμμένου Μη δανεισμός Σύνολο δανεισμών Ημερομηνία τελευταίας εμφάνισης Η τιμή ισχύει από
Books MC Athens Campus Library MC Athens Campus Library 9780000050663 5918 05/06/2025 332.632 DEL 1           05/06/2025 05/06/2025

MC Athens Campus Library
Πατησίων 94 & Κοδριγκτώνος 13, 104 34
Πελλήνης 8 & Πατησίων 107, 112 51
Τ: +30 210 8899600

MC Thessaloniki Campus Library
Ίωνος Δραγούμη 21, 54625 | Ίωνος Δραγούμη 15, 54625
Τ: +30 2310 287779 – Τ: +30 2314 440300